| 000 | 00883cam a22002771 4500 | ||
|---|---|---|---|
| 001 | 17195 | ||
| 003 | BD-RjUL | ||
| 005 | 20211209000113.0 | ||
| 008 | 140216s1961 nyuacf b 000 0 eng | ||
| 035 | _a(BD-RjUL)17252 | ||
| 040 |
_aDLC/ICU _cICU _dDLC _dBD-RjUL _beng |
||
| 041 | 1 | _aengrus | |
| 082 | 0 | 0 |
_a669.95 _bLOH 1961 |
| 100 | 1 |
_aLozinskii, M. G. _q(Mikhail Grigorʹevich), _d1909- _953028 |
|
| 245 | 1 | 0 |
_aHigh temperature metallography / _cTranslated by L. Herdan. |
| 260 |
_aNew York : _bPergamon Press, _cc1961. |
||
| 300 |
_axix, 484 p. : _billus. ; _c26 cm. |
||
| 504 | _aBibliography: p. 461-472. | ||
| 504 | _aIncludes Index. | ||
| 650 | 0 |
_aMetallography. _953029 |
|
| 650 | 0 |
_aMetals _xEffect of high temperatures on. _939999 |
|
| 942 |
_2ddc _cBK |
||
| 999 |
_c17195 _d17195 |
||